000 00680nam a22001937a 4500
005 20170608124822.0
010 _aENG-118574
020 _a9789386062482
_c695.00
035 _aEN-102106
037 _bDBAD/PUB
082 _a920.72
100 _aAneela Zeb Babaar
245 _aWe are all revolutionaries here :
_bmilitarism,political Islam and gender in Pakistan /
_cby Aneela Zeb Babaar
260 _aNew Delhi
_bSAGE Publications
_c2017
270 _aB1/1-1 Mohan Cooperative Industrial Area Mathura Road
_bNew Delhi
_e110044
300 _axii,181p.
_c23cm(Hb)
500 _aIncludes bibliographical references and index
942 _2ddc
_cEN
_h920.72
_mANE
999 _c140874
_d140874